Deriváty kyseliny mandľovej a ich použitie ako inhibítorov trombínu

Bibliographic Details
Corporate Author: AstraZeneca AB (Södertälje, Švédsko) (Patent holder)
Other Authors: Inghardt, Tord (Originator), Johansson, Anders (Originator), Svensson, Arne (Originator)
Format: Book
Language:Slovak
PhysicalDescription:70 s. 30 cm
Published: [Banská Bystrica] Úrad priemyselného vlastníctva SR [2011]
Subjects:

MARC

LEADER 00000cam a2200000 a 4500
001 vtls010292971
003 SK-MaSNL
005 20260331205843.0
008 251120s2011 xo j f000 0 slo
013 |a 287692  |b SK  |c patent  |d 20110606  |e dátum nadobudnutia účinkov patentu (Vestník ÚPV SR č.: 6/2011)  |d 20110519  |e dátum sprístupnenia patentu 
013 |a 651-2003  |e číslo prihlášky  |d 20011130  |e dátum podania prihlášky  |d 20031104  |e dátum zverejnenia prihlášky (Vestník ÚPV SR č.: 11/2003) 
013 |a 0004458-6, 0100695-3, 0101239-2, 102921-4  |e číslo prioritnej prihlášky  |d 20001201, 20010319, 20010406, 20010830  |e dátum podania prioritnej prihlášky  |b SE, SE, SE, SE  |e kód krajiny prioritnej prihlášky 
015 |a SNBN2013 
040 |a SNK  |b slo  |c SNK  |e AACR2 
041 0 |a slo 
044 |a xo  |c SK 
072 7 |a 615  |x Farmácia. Farmakológia  |2 konspekt 
072 7 |a 616  |x Patológia. Klinická medicína  |2 konspekt 
080 |a 615.45  |2 2001 
080 |a 616-005.6  |2 2001 
084 |a C07D 205/04  |2 IPC 
084 |a C07D 207/10  |2 IPC 
084 |a C07D 401/12  |2 IPC 
084 |a C07D 403/12  |2 IPC 
084 |a C07C 47/575  |2 IPC 
084 |a C07C 59/52  |2 IPC 
084 |a C07C 59/64  |2 IPC 
084 |a C07C 69/734  |2 IPC 
084 |a A61K 31/397  |2 IPC 
084 |a A61K 31/401  |2 IPC 
084 |a A61K 31/4427  |2 IPC 
084 |a A61K 31/506  |2 IPC 
084 |a A61P 7/02  |2 IPC 
100 1 |a Inghardt, Tord  |4 org  |9 600645 
245 1 0 |a Deriváty kyseliny mandľovej a ich použitie ako inhibítorov trombínu  |c Tord Inghardt, Anders Johansson, Arne Svensson ; patent. zást. Dagmar Čechvalová 
260 |a [Banská Bystrica]  |b Úrad priemyselného vlastníctva SR  |c [2011] 
300 |a 70 s.  |c 30 cm 
650 0 7 |a farmaceutické výrobky  |2 SNKPH  |9 51177 
650 0 7 |a trombóza  |2 SNKPH  |9 14839 
650 0 7 |a Pharmaceutical products  |2 SNKPHeng  |9 305127 
650 0 7 |a Thrombosis  |2 SNKPHeng  |9 359414 
655 7 |a patenty  |2 SNKPH  |9 177343 
655 7 |a patent licenses  |2 SNKPHeng  |9 303430 
700 1 |a Johansson, Anders  |4 org  |9 600646 
700 1 |a Svensson, Arne  |4 org  |9 600647 
700 1 |a Čechvalová, Dagmar  |4 oth  |9 305714 
710 2 |a AstraZeneca AB (Södertälje, Švédsko)  |4 pth  |9 320720 
852 |a Štátna vedecká knižnica v Banskej Bystrici 
999 |c 921998  |d 923928 
952 |a SNK  |b SNK  |y PREZ  |7 0  |p 17A1067911  |o snkSK 287692  |i snk2013/9095  |8 0  |0 0  |1 0  |4 0  |d 2013-04-22  |l 0  |r 2026-02-24 08:19:26  |w 2026-02-24